000 02720cam a2200325 a 4500
001 14923435
005 20250416161427.0
008 070711s2008 enka 001 0 eng
010 _a 2007028712
020 _a9780199287369
040 _aDLC
_cDLC
_dDLC
043 _ae-uk-en
050 0 0 _aKD1554.A7
_bB43 2008
082 0 0 _a346.4202
_bBEA
100 1 _aBeale, H. G.
_9128747
245 1 0 _aContract :
_bcases and materials /
_cH.G. Beale, W.D. Bishop, M.P. Furmston.
250 _a5th ed.
260 _aOxford ;
_aNew York :
_bOxford University Press,
_c2008.
300 _alix, 1269 p. :
_bill. ;
_c25 cm.
500 _aIncludes index.
505 0 _aContracts and contract law -- Contract, tort and restitution -- The functions of contract law -- Economic analysis of contract law -- Empirical work -- Consideration -- Intention to create legal relations -- Offer and acceptance -- Uncertainty and incompleteness -- Communication mistakes -- Express terms in oral agreements -- Contents of written contracts -- Inaccurate information and misrepresentation -- Gap-filling by interpretation -- Implied terms -- Discharge by frustration -- Expectation mistakes -- Discharge by construction -- Duties of disclosure -- Some preliminary questions -- Withholding performance and termination for default -- Damages -- Literal enforcement -- Restitutionary remedies -- Why are promises binding? -- Economic analysis of contract law -- The impact of the empirical studies -- Critical approaches to contract -- Developing the relational contract notion -- Fairness and distributive justice -- Transformation thesis -- Rescission, variation, waiver and promissory estoppel -- Adjustments in longer term contracts -- Duress -- Undue pressure and undue influence -- Unconscionable bargains -- A general principle? -- Standard-form contracts -- Exclusion clauses -- Unfair terms in consumer contracts -- Regulated contracts -- Contracts contrary to public policy -- Contracts involving the commission of a crime or a tort -- Contracts in restraint of trade -- Agency -- Privity and the benefit of a contract between others -- Subsequent assignment of the benefit of a contract -- Privity and burdens -- Assignment and the burden of a contract.
650 0 _aContracts
_zEngland.
655 7 _aCasebooks (Law)
_2lcgft
_983443
700 1 _aBishop, W. D.
_q(William D.)
_9128748
700 1 _aFurmston, M. P.
_9128749
856 4 1 _3Table of contents only
_uhttp://www.loc.gov/catdir/toc/ecip0722/2007028712.html
906 _a7
_bcbc
_corignew
_d1
_eecip
_f20
_gy-gencatlg
942 _2ddc
_cBK
999 _c613617
_d613617